Depuración biológica de las aguas sucias y desechos humanos / (Record no. 122090)

MARC details
000 -LEADER
campo de control de longitud fija 00699nam a2200193 i 4500
001 - NÚMERO DE CONTROL
campo de control 122090
003 - IDENTIFICADOR DE NÚMERO DE CONTROL
campo de control ES-MaACL
005 - FECHA Y HORA DE LA ÚLTIMA TRANSACCIÓN
campo de control 20230906191915.0
007 - CAMPO FIJO DE DESCRIPCIÓN FÍSICA--INFORMACIÓN GENERAL
campo de control de longitud fija t|
008 - DATOS DE LONGITUD FIJA--INFORMACIÓN GENERAL
campo de control de longitud fija 070214s1913 mx |||| | spa d
100 1# - ENTRADA PRINCIPAL--NOMBRE DE PERSONA
Nombre de persona Prieto, Antonio.
9 (RLIN) 93874
245 10 - MENCIÓN DEL TÍTULO
Título Depuración biológica de las aguas sucias y desechos humanos /
Mención de responsabilidad, etc. por Antonio Prieto ; con un prólogo de Agustín Aragón y Leopoldo Salazar Salinas.
260 ## - PUBLICACIÓN, DISTRIBUCIÓN, ETC.
Lugar de publicación, distribución, etc. México :
Nombre del editor, distribuidor, etc. [s. n.],
Fecha de publicación, distribución, etc. 1913 (
Fabricante Tip. Económica)
300 ## - DESCRIPCIÓN FÍSICA
Extensión 13 p., 11 h. de lám. ;
Dimensiones 24 cm.
650 #4 - PUNTO DE ACCESO ADICIONAL DE MATERIA--TÉRMINO DE MATERIA
Término de materia o nombre geográfico como elemento de entrada Aguas residuales-
Subdivisión general Tratamiento.
9 (RLIN) 169385
700 1# - ENTRADA AGREGADA--NOMBRE PERSONAL
Nombre de persona Aragón, Agustín.
9 (RLIN) 22170
700 1# - ENTRADA AGREGADA--NOMBRE PERSONAL
Nombre de persona Salazar Salinas, Leopoldo.
9 (RLIN) 158995
852 ## - LOCALIZACIÓN
Ubicación ES-MaACL
Número de control de estantería 1565-F-10
Holdings
Estatus retirado Estado de pérdida Estado de daño No para préstamo Colección Biblioteca de origen Biblioteca actual Ubicación en estantería Fecha de adquisición Fuente de adquisición Total de préstamos Signatura topográfica completa Código de barras Visto por última vez Precio de reemplazo Tipo de ítem Koha
        Colección de folletos Biblioteca del Ateneo de Madrid Biblioteca del Ateneo de Madrid Depósito folletos 17/01/2008     1565-F-10 1127231 23/02/2023 23/02/2023 Folleto